Animal
<< Retourner aux résultats de la recherche
| Auteur principal : | Fakear |
|---|---|
| Autres auteurs : | Rae Morris Deva Premal Andreya Triana |
| Titre : | Animal |
| Support : | Disques compact audio |
| Langue : | Francais |
| Publié : |
2016 Pantheon Music |
| Genre : |
Documentaire |
| Sujets : | |
| Étiquettes : |
Pas de tags
|
| LEADER | 01747njm0a2200577 450 | ||
|---|---|---|---|
| 001 | 16868056 | ||
| 010 | |a 602547789310 | ||
| 071 | |a 4778931 |b Théo Le Vigoureux | ||
| 100 | |a 20200910d2016 u u0frey01 ba | ||
| 101 | 0 | |a fre | |
| 200 | 0 | |a Animal |f Fakear | |
| 207 | 1 | |a | |
| 210 | |c Pantheon Music |d 2016 | ||
| 215 | |a 2 vinyles | ||
| 327 | |a Sheer-khan,Silver,Animal,La lune rousse,My own sun,Jonnhae,Red lines,Le chant du monde,De la luz,Lessons,La belle âme,Ankara,Light bullet,Leaving Tokyo,Sheer-khan,Silver,Animal,La lune rousse,My own sun,Jonnhae,Red lines,Le chant du monde,De la luz,Lesson | ||
| 330 | |a Le musicien normand présente ici son premier album qui résonne bien au-delà de la sphère électro. | ||
| 464 | |a Sheer-khan | ||
| 464 | |a Silver | ||
| 464 | |a Animal | ||
| 464 | |a La lune rousse | ||
| 464 | |a My own sun | ||
| 464 | |a Jonnhae | ||
| 464 | |a Red lines | ||
| 464 | |a Le chant du monde | ||
| 464 | |a De la luz | ||
| 464 | |a Lessons | ||
| 464 | |a La belle âme | ||
| 464 | |a Ankara | ||
| 464 | |a Light bullet | ||
| 464 | |a Leaving Tokyo | ||
| 464 | |a Sheer-khan | ||
| 464 | |a Silver | ||
| 464 | |a Animal | ||
| 464 | |a La lune rousse | ||
| 464 | |a My own sun | ||
| 464 | |a Jonnhae | ||
| 464 | |a Red lines | ||
| 464 | |a Le chant du monde | ||
| 464 | |a De la luz | ||
| 464 | |a Lessons | ||
| 464 | |a La belle âme | ||
| 464 | |a Ankara | ||
| 464 | |a Light bullet | ||
| 464 | |a Leaving Tokyo | ||
| 676 | |a 4.2 | ||
| 700 | 0 | |a Fakear |4 230 | |
| 702 | 0 | |a Morris |b Rae |4 721 | |
| 702 | 0 | |a Premal |b Deva |4 721 | |
| 702 | 0 | |a Triana |b Andreya |4 721 | |
| 900 | |a Documentaire | ||
| 995 | |a Médiathèque |c Médiathèque |f 00156009036708 |h 00156009036708 |k 4 FAK 2 |o p |q a |r je |e Médiathèque | ||